Invisible women: the ;political roles of unionist and loyalist women in contemporary Northern Ireland (Record no. 52184)

000 -LEADER
fixed length control field 01268pab a2200169 454500
008 - FIXED-LENGTH DATA ELEMENTS--GENERAL INFORMATION
fixed length control field 180718b2002 xxu||||| |||| 00| 0 eng d
100 ## - MAIN ENTRY--PERSONAL NAME
Personal name Ward, Rachel
245 ## - TITLE STATEMENT
Title Invisible women: the ;political roles of unionist and loyalist women in contemporary Northern Ireland
260 ## - PUBLICATION, DISTRIBUTION, ETC.
Date of publication, distribution, etc. 2002
300 ## - PHYSICAL DESCRIPTION
Extent p.1671-78.
362 ## - DATES OF PUBLICATION AND/OR SEQUENTIAL DESIGNATION
Dates of publication and/or sequential designation Jan
520 ## - SUMMARY, ETC.
Summary, etc. This article provides some insight into the variety of political roles in which unionist and loyalist women engage. While they are still under-represented in the formal political sphere, their work ensures that the political parties and community organisations continue to function effectively. The parties' policies do little more than to encourage greater participation by women, which does not account for the barriers of time, money, stereotypical attitudes and self-confidence. However, the experience that unionist and loyalist women are gaining through their political participation suggest that in the future these women will be less content to remain in the background of politics. Their contribution is much more than `tea and buns and opening up halls'. - Reproduced.
650 ## - SUBJECT ADDED ENTRY--TOPICAL TERM
Topical term or geographic name entry element Women in politics - Northern Ireland
650 ## - SUBJECT ADDED ENTRY--TOPICAL TERM
Topical term or geographic name entry element Women in politics
773 ## - HOST ITEM ENTRY
Main entry heading Parliamentary Affairs
909 ## -
-- 52184
Holdings
Withdrawn status Lost status Damaged status Not for loan Permanent Location Current Location Date acquired Serial Enumeration / chronology Barcode Date last seen Price effective from Koha item type
        Indian Institute of Public Administration Indian Institute of Public Administration 2018-07-19 Volume no: 55, Issue no: 1 AR52614 2018-07-19 2018-07-19 Articles

Powered by Koha